| 000 | 00586nam a22002057a 4500 | ||
|---|---|---|---|
| 999 |
_c18456 _d18456 |
||
| 003 | AR-CdUCM | ||
| 008 | 190514b ||||| |||| 00| 0 spa d | ||
| 040 |
_aMUNICIPALIDAD PROVINCIAL DEL CUSCO _cBIBLIOTECA MUNICIPAL DEL CUSCO |
||
| 082 |
_a800.951 / _bAY973 |
||
| 100 |
_aAyala, José Luis _95471 |
||
| 245 | _aPoesía para videntes / | ||
| 260 |
_aPerú : _bJuan Mejía Vaca, _c1988. |
||
| 300 | _c22 cm. | ||
| 505 | _aContenido : Poesía | ||
| 650 |
_aLiteratura _983 |
||
| 650 |
_aPoesía _9139 |
||
| 650 |
_aPeruana _925277 |
||
| 942 |
_2ddc _cLIBROS |
||
| 945 |
_arah _d2019/05/14 |
||